Новое пособие для проектно-группового обучения студентов 1 курса; Уровневая подготовка специалистов: электронное обучение и открытые образовательные ресурсы
| Parent link: | Уровневая подготовка специалистов: электронное обучение и открытые образовательные ресурсы.— 2014.— [С. 290-292] |
|---|---|
| Glavni avtor: | |
| Corporate Authors: | , |
| Drugi avtorji: | , |
| Izvleček: | Заглавие с титульного листа. Studying "Chemistry" students use this textbook to learn theoretical and practical foundations of some physico-chemical methods of analysis as well as to perform research projects. The advantage of such students’ work is that research work is carried out in real-life environment, and ecological condition of the objects concerned can be estimated and students have opportunity to get profound knowledge about future job. |
| Jezik: | ruščina |
| Izdano: |
2014
|
| Serija: | Образовательные ресурсы технического обучения опыт |
| Teme: | |
| Online dostop: | http://earchive.tpu.ru/handle/11683/25801 http://www.lib.tpu.ru/fulltext/c/2014/C09/119.pdf |
| Format: | MixedMaterials Elektronski Book Chapter |
| KOHA link: | https://koha.lib.tpu.ru/cgi-bin/koha/opac-detail.pl?biblionumber=610222 |
MARC
| LEADER | 00000naa2a2200000 4500 | ||
|---|---|---|---|
| 001 | 610222 | ||
| 005 | 20260402093446.0 | ||
| 035 | |a (RuTPU)RU\TPU\conf\7818 | ||
| 035 | |a RU\TPU\conf\7814 | ||
| 090 | |a 610222 | ||
| 100 | |a 20150114d2014 k y0rusy50 ca | ||
| 101 | 0 | |a rus | |
| 102 | |a RU | ||
| 135 | |a drgn ---uucaa | ||
| 181 | 0 | |a i | |
| 182 | 0 | |a b | |
| 200 | 1 | |a Новое пособие для проектно-группового обучения студентов 1 курса |d The new textbook for project and team-based training of first the year students |f Ю. Ю. Мирошниченко, Т. А. Юрмазова, Н. Б. Шахова | |
| 203 | |a Текст |c электронный | ||
| 225 | 1 | |a Образовательные ресурсы технического обучения опыт | |
| 300 | |a Заглавие с титульного листа. | ||
| 320 | |a [Библиогр.: с. 291-292 (3 назв.)] | ||
| 330 | |a Studying "Chemistry" students use this textbook to learn theoretical and practical foundations of some physico-chemical methods of analysis as well as to perform research projects. The advantage of such students’ work is that research work is carried out in real-life environment, and ecological condition of the objects concerned can be estimated and students have opportunity to get profound knowledge about future job. | ||
| 337 | |a Adobe Reader | ||
| 463 | 1 | |0 (RuTPU)RU\TPU\conf\7637 |t Уровневая подготовка специалистов: электронное обучение и открытые образовательные ресурсы |o сборник трудов I Всероссийской научно-методической конференции, 20-21 марта 2014 г., Томск |f Национальный исследовательский Томский политехнический университет (ТПУ) ; ред. кол. А. И. Чучалин [и др.] |v [С. 290-292] |d 2014 | |
| 510 | 1 | |a The new textbook for project and team-based training of first the year students |z eng | |
| 610 | 1 | |a электронный ресурс | |
| 610 | 1 | |a труды учёных ТПУ | |
| 610 | 1 | |a пособия | |
| 610 | 1 | |a проектно-групповое обучение | |
| 610 | 1 | |a студенты | |
| 610 | 1 | |a научно-исследовательские работы | |
| 610 | 1 | |a химия | |
| 700 | 1 | |a Мирошниченко |b Ю. Ю. |c химик |c доцент Томского политехнического университета, кандидат химических наук |f 1975- |g Юлия Юрьевна |3 (RuTPU)RU\TPU\pers\28567 |9 13386 | |
| 701 | 1 | |a Юрмазова |b Т. А. |c химик |c доцент Томского политехнического университета, кандидат химических наук |f 1950- |g Татьяна Александровна |3 (RuTPU)RU\TPU\pers\25658 | |
| 701 | 1 | |a Шахова |b Н. Б. |c химик |c доцент Томского политехнического университета, кандидат химических наук |f 1982- |g Нина Борисовна |3 (RuTPU)RU\TPU\pers\25653 |9 11564 | |
| 712 | 0 | 2 | |a Национальный исследовательский Томский политехнический университет (ТПУ) |b Институт физики высоких технологий (ИФВТ) |b Кафедра общей и неорганической химии (ОНХ) |3 (RuTPU)RU\TPU\col\18686 |
| 712 | 0 | 2 | |a Национальный исследовательский Томский политехнический университет (ТПУ) |b Институт международного образования и языковой коммуникации (ИМОЯК) |b Кафедра междисциплинарная (МД) |3 (RuTPU)RU\TPU\col\19012 |
| 801 | 2 | |a RU |b 63413507 |c 20210408 |g RCR | |
| 856 | 4 | |u http://earchive.tpu.ru/handle/11683/25801 | |
| 856 | 4 | |u http://www.lib.tpu.ru/fulltext/c/2014/C09/119.pdf | |
| 942 | |c BK | ||